[Event "Belgrade Trophy 32nd"]
[Site "Belgrade"]
[Date "2018.11.30"]
[Round "7"]
[White "Grncarski, Jugoslav"]
[Black "Krstic, Milos M"]
[Result "0-1"]
[WhiteElo "1853"]
[BlackElo "2122"]
[PlyCount "59"]
[EventDate "2018.11.24"]
[EventType "swiss"]
[EventRounds "9"]
[EventCountry "SRB"]
[SourceTitle "CBM 187 Extra"]
[Source "ChessBase"]
[SourceDate "2018.11.04"]
[SourceVersion "1"]
[SourceVersionDate "2018.11.04"]
[SourceQuality "1"]

1. e4 e5 2. Nf3 Nc6 3. Bb5 a6 4. Ba4 Nf6 5. 0-0 Be7 6. Re1 b5 7. Bb3 d6 8. c3 0-0 9. h3 Bb7 10. d4 Nd7 11. Nbd2 exd4 12. cxd4 Bf6 13. Nf1 Na5 14. Bc2 Re8 15. Rb1 c5 16. b3 Nc6 17. Bf4 Nxd4 18. Nxd4 Bxd4 19. Bxd6 Qb6 20. Bg3 Nf6 21. e5 Qc6 22. Qf3 Qxf3 23. gxf3 Nd5 24. h4 Nc3 25. Ra1 Ne2+ 26. Rxe2 Bxa1 27. Ne3 Bxf3 28. Re1 Bc3 29. Rc1 Bd2 30. Rb1 0-1

[Event "Belgrade Trophy 32nd"]
[Site "Belgrade"]
[Date "2018.11.29"]
[Round "6"]
[White "Gajic, Sladjan"]
[Black "Grncarski, Jugoslav"]
[Result "0-1"]
[WhiteElo "2069"]
[BlackElo "1853"]
[PlyCount "58"]
[EventDate "2018.11.24"]
[EventType "swiss"]
[EventRounds "9"]
[EventCountry "SRB"]
[SourceTitle "CBM 187 Extra"]
[Source "ChessBase"]
[SourceDate "2018.11.04"]
[SourceVersion "1"]
[SourceVersionDate "2018.11.04"]
[SourceQuality "1"]

1. e4 c5 2. Nc3 Nc6 3. f4 d6 4. Bb5 Bd7 5. Bxc6 Bxc6 6. d3 g6 7. Nf3 Bg7 8. 0-0 e6 9. Be3 b6 10. Qe1 Ne7 11. Rd1 Qc7 12. d4 0-0 13. Qh4 Rfe8 14. g4 Qb7 15. d5 exd5 16. f5 gxf5 17. Bh6 f6 18. exf5 d4 19. Bxg7 Kxg7 20. Ng5 fxg5 21. f6+ Kh8 22. Qh5 Ng6 23. Rd3 dxc3 24. Qxg5 Re2 25. Rg3 Rf8 26. h4 Rg2+ 27. Rxg2 Bxg2 28. Re1 Bh3 29. Re2 cxb2 0-1

[Event "Belgrade-ch sf"]
[Site "Belgrade"]
[Date "2017.01.24"]
[Round "2"]
[White "Grncarski, Jugoslav"]
[Black "Mitrovic, Stefan"]
[Result "1-0"]
[WhiteElo "1854"]
[BlackElo "1561"]
[PlyCount "48"]
[EventDate "2017.01.23"]
[EventType "swiss"]
[EventRounds "7"]
[EventCountry "SRB"]
[SourceTitle "CBM 176 Extra"]
[Source "ChessBase"]
[SourceDate "2017.03.02"]
[SourceVersion "1"]
[SourceVersionDate "2017.03.02"]
[SourceQuality "1"]

1. e4 e5 2. Nf3 d6 3. Bc4 Be7 4. 0-0 Nf6 5. Re1 0-0 6. d4 Nbd7 7. c3 h6 8. Nbd2 Nh7 9. Nf1 Ng5 10. Ng3 Nb6 11. Be2 Nxf3+ 12. Bxf3 Bg5 13. Nf5 Bxc1 14. Rxc1 Kh7 15. g3 g6 16. Ne3 c6 17. Bg2 f6 18. Qe2 Qe7 19. b3 Be6 20. f4 exd4 21. cxd4 Bf7 22. Qg4 h5 23. Bf3 Rae8 24. Rcd1 Qc7 1-0

[Event "SRB-ch sf"]
[Site "Belgrade"]
[Date "2016.03.26"]
[Round "6"]
[White "Grncarski, Jugoslav"]
[Black "Stankovic, Ivan G"]
[Result "0-1"]
[WhiteElo "1858"]
[BlackElo "2258"]
[PlyCount "100"]
[EventDate "2016.03.21"]
[EventType "swiss"]
[EventRounds "9"]
[EventCountry "SRB"]
[SourceTitle "CBM 171 Extra"]
[Source "ChessBase"]
[SourceDate "2016.04.26"]
[SourceVersion "1"]
[SourceVersionDate "2016.04.26"]
[SourceQuality "1"]

1. e4 c5 2. Nf3 Nc6 3. d4 cxd4 4. Nxd4 g6 5. Nc3 Bg7 6. Be3 Nf6 7. Be2 0-0 8. 0-0 d6 9. Nb3 Be6 10. f4 a6 11. a4 Na5 12. e5 Ne8 13. Nd4 Bc4 14. Nf3 Rc8 15. b3 Bxe2 16. Nxe2 d5 17. Ned4 e6 18. Qe1 Nc6 19. Qf2 Qd7 20. Nxc6 Qxc6 21. Nd4 Qd7 22. Nf3 f6 23. Bd4 fxe5 24. fxe5 Rf5 25. g4 Rf7 26. c3 Bh6 27. Qh4 Bf4 28. Rad1 Qe7 29. Qh3 Ng7 30. Ne1 h5 31. Nd3 Qg5 32. Nxf4 Rxf4 33. Rxf4 Qxf4 34. Rf1 Qg5 35. Qf3 Nf5 36. h3 Kg7 37. Kh1 hxg4 38. Qxg4 Qxg4 39. hxg4 Ng3+ 40. Kg2 Nxf1 41. Kxf1 Rf8+ 42. Kg2 Rf4 43. Kg3 Rf1 44. a5 Rb1 45. b4 g5 46. Kf3 Rf1+ 47. Kg3 Kg6 48. Kg2 Rf4 49. Kg3 Re4 50. Kf3 Kf7 0-1

[Event "Belgrade Trophy 27th"]
[Site "Obrenovac"]
[Date "2013.11.26"]
[Round "3"]
[White "Veleski, Robert"]
[Black "Grncarski, Jugoslav"]
[Result "1-0"]
[WhiteElo "2242"]
[BlackElo "1994"]
[PlyCount "45"]
[EventDate "2013.11.24"]
[EventType "swiss"]
[EventRounds "9"]
[EventCountry "SRB"]
[SourceTitle "CBM 157 Extra"]
[Source "ChessBase"]
[SourceDate "2013.12.19"]
[SourceVersion "1"]
[SourceVersionDate "2013.12.19"]
[SourceQuality "1"]

1. c4 Nf6 2. Nc3 g6 3. g3 Bg7 4. Bg2 0-0 5. d3 d6 6. e3 c5 7. Nge2 Nc6 8. 0-0 Bg4 9. a3 Qc8 10. Rb1 Bh3 11. b4 Bxg2 12. Kxg2 b6 13. b5 Na5 14. e4 e6 15. Bg5 h6 16. Bxf6 Bxf6 17. f4 Qb7 18. g4 Rad8 19. Rf3 Bg7 20. f5 Be5 21. Qd2 Kh7 22. Rh3 h5 23. Qg5 1-0